| 000 | 00923 a2200301 4500 | ||
|---|---|---|---|
| 001 | 200002515 | ||
| 003 | TR-AnTOB | ||
| 005 | 20250929153504.0 | ||
| 008 | 110726s2009 tu 000 1 | ||
| 020 | _a9786051140346 | ||
| 040 |
_aTR-AnTOB _cTR-AnTOB |
||
| 041 | _atur | ||
| 050 |
_aPL248.Y237 _bD46 2009 |
||
| 090 |
_aPL248.Y237 _bD46 2009 |
||
| 100 |
_aYalsızuçanlar, Sadık _971765 |
||
| 245 | 1 | 0 |
_aDem / _cSadık Yalsızuçanlar ; editör Neval Akbıyık. |
| 264 | 1 |
_aİstanbul : _bTimaş, _c2009 |
|
| 300 |
_a320 s. ; _c21 cm. |
||
| 336 |
_2rdacontent _atext _btxt |
||
| 337 |
_2rdamedia _aunmediated _bn |
||
| 338 |
_2rdacarrier _avolume _bnc |
||
| 490 | 0 |
_aTimaş yayınları ; _v2108 _aRoman dizisi ; _v97 |
|
| 650 | 0 |
_aTurkish fiction _y19th century _xHistory and criticism _926051 |
|
| 650 | 0 |
_aTürk romanı _y19. yüzyıl _xTarih ve eleştiri _97656 |
|
| 910 | _a0034108 | ||
| 942 |
_cBK _2lcc |
||
| 999 |
_c200002515 _d28577 |
||